Culture Générale - Série 473 - Statistiques

Statistiques générales
  • Ce quiz a été pris 231 fois
  • Le résultat moyen est 5 sur 10
Statistiques - réponses
Question Réponse % Correct
De quel club de football, Samy Naceri porte‐t‐il le maillot dans le film "Taxi 1", produit par Luc Besson ? L'OM
85%
Quelle commune du Val‐de‐Marne offre le plus grand marché de produits frais de France ? Rungis
78%
Sous quel président de la République la Grande Arche de la Défense a‐t‐elle été bâtie ? François Mitterrand
65%
Sur quelle île parisienne se trouve la Conciergerie ? L'île de la Cité
64%
Quel département francilien abrite l'aéroport d'Orly ? V Val‐de‐Marne
56%
De quelle figure historique Luc Besson retrace‐t‐il la vie dans un film de 1999 ? Jeanne d'Arc
43%
Dans quelle ville de Seine‐et‐Marne, Philippe Lucas a‐t‐il entraîné Laure Manaudou jusqu'en 2006 ? Melun
36%
Sur quel autre département que les Yvelines se trouve le parc naturel régional du Vexin français ? Val‐d'Oise
32%
Quel grand rapace d'Afrique, se nourrissant essentiellement de serpents, est aussi appelé le secrétaire ? serpentaire
16%
Chez le cobra, quel nom désigne la partie du cou qui s'élargit en position de combat ? capuchon
3%
Aucun quiz correspondant
Distribution des résultats
% des personnes avec chaque résultat
Percentile par nombre de réponses
Votre historique - résultats
Vous n’avez pas pris ce quiz